ბათუმის შოთა რუსთაველის სახელმწიფო უნივერსიტეტის ბიბლიოთეკა

Modern Japanese politics / (ბიბ.ჩანაწერი № 63953)

000 -LEADER
fixed length control field 00761nam a22002057a 4500
005 - DATE AND TIME OF LATEST TRANSACTION
control field 20260311112910.0
008 - FIXED-LENGTH DATA ELEMENTS--GENERAL INFORMATION
fixed length control field 260226s1969 enk||||| |||| 00| 0 eng d
020 ## - INTERNATIONAL STANDARD BOOK NUMBER
International Standard Book Number 9781597400831x
041 ## - LANGUAGE CODE
Language code of text/sound track or separate title eng
080 ## - UNIVERSAL DECIMAL CLASSIFICATION NUMBER
Universal Decimal Classification number 32(520):329.17(520) M-29
100 ## - MAIN ENTRY--PERSONAL NAME
Personal name Maruyama, Masao
9 (RLIN) 26996
245 ## - TITLE STATEMENT
Title Modern Japanese politics /
Statement of responsibility, etc. Masao Maruyama; edited by Ivan Morris.
264 ## - PRODUCTION, PUBLICATION, DISTRIBUTION, MANUFACTURE, AND COPYRIGHT NOTICE
Place of production, publication, distribution, manufacture London :
Name of producer, publisher, distributor, manufacturer Oxford Univ. press,
Date of production, publication, distribution, manufacture, or copyright notice 1969.
300 ## - PHYSICAL DESCRIPTION
Extent 407 p. ;
Other physical details 23 cm.
653 ## - INDEX TERM--UNCONTROLLED
keyword იაპონიის პოლიტიკა
653 ## - INDEX TERM--UNCONTROLLED
keyword იაპონური ნაციონალიზმი
653 ## - INDEX TERM--UNCONTROLLED
keyword იაპონური პოლიტოლოგია
700 ## - ADDED ENTRY--PERSONAL NAME
Personal name Morris, Ivan
Relator term რედაქტორი
9 (RLIN) 26997
942 ## - ADDED ENTRY ELEMENTS (KOHA)
Source of classification or shelving scheme
Koha item type წიგნი
ეგზემპლარები
Withdrawn status Lost status Source of classification or shelving scheme Damaged status Not for loan Permanent Location Current Location Shelving location Date acquired Cost, normal purchase price Full call number Barcode Date last seen Copy number Uniform Resource Identifier Price effective from Koha item type Public note
          ბათუმის შოთა რუსთაველის სახელმწიფო უნივერსიტეტის მთავარი ბიბლიოთეკა ბათუმის შოთა რუსთაველის სახელმწიფო უნივერსიტეტის მთავარი ბიბლიოთეკა წიგნსაცავი 2026-02-26 17.00 32(520):329.17(520) M-29 73843 2026-02-26 73843 იაპონიის ელჩის საჩუქარი 2026-02-26 წიგნი 17 ლ.